000 00315 a2200157 4500
001 163701
020 _a
040 _cMagnum
100 _aLondon, Jack
240 1 0 _aO chamado da floresta
_lpor
245 1 0 _aO chamado da floresta
362 0 _a1899
440 1 _aGlobo
697 _aIJ/FICCAO
942 _cBK
999 _c163701
_d163701